00775nam a22001697a 4500003000900000008004100009040007100050082002300121245008900144260003000233300002800263505021600291650002600507650001800533650001500551700003900566AR-CdUCM190322b ||||| |||| 00| 0 spa d aMUNICIPALIDAD PROVINCIAL DEL CUSCOcBIBLIOTECA MUNICIPAL DEL CUSCO a328.365811 /bSA24 aLey sobre conservación y aprovechamiento sostenible de la diversidad biológica / aLima :bEl editor,c1997. a101 páginas ;c20 cm. aContenido: Sesión de debate del proyecto de ley sobre conservación y aprovechamiento sostenible de la diversidad biológica en la comisión de ambiente, ecología y amazonia del día 278 de mayo de 1997. aDesarrollo sostenible aLegislación aAmazonía aSandoval Aguirre, Oswaldo (editor)